000 00502nam a2200169Ia 4500
999 _c12889
_d12889
003 OSt
005 20201022102748.0
008 190216s9999||||xx |||||||||||||| ||und||
040 _coclc
082 _a820.9
_bWIL/I
100 _aWilliams, H M
_95795
245 0 _aIndo-Anglian Literature 1800-1970 A Survey /
_cH M Williams
260 _bOrient Longman,
_c1976.
_aNew delhi:
300 _a137p
650 _aEnglish Literature
942 _cBK
_2ddc
_h820.9
_iWIL/I
_k820.9
_mWIL/I